Greenland Multiple Choice - Statistics

General Stats
  • This quiz has been taken 39 times
  • The average score is 7 of 10
Answer Stats
Question Answer % Correct
Which country governs Greenland? Denmark
100%
What is the capital city of Greenland? Nuuk
97%
What natural phenomenon can be seen in Greenland during the winter months? The Northern Lights
86%
What is the primary source of income for Greenland's economy? Fishing
83%
What is the official language of Greenland? Greenlandic
74%
Which of these animals can NOT be found in Greenland? Penguin
66%
What percentage of Greenland lies within the Arctic Circle? 80%
63%
Which famous explorer was one of the first Europeans to map Greenland's coast? Erik the Red
63%
Which of these statements is FALSE about Northeast Greenland National Park? It is home to the only active volcano in Greenland
31%
Which natural resource is being explored in Greenland in recent years? Oil and gas
31%
No matching quizzes found
Score Distribution
Percent of People with Each Score
Percentile by Number Answered
Your Score History
You have not taken this quiz